000 00837nam a2200241Ia 4500
003 GCL
008 140319s9999 xx 000 0 ara d
020 _a7038301977
040 _aGCL /
_cGCL
082 0 4 _aق
_b328.0962
_bج ب
100 1 _aجلال السيد
245 1 0 _aالبرلمان المصرى :
_bتقاليد رقابة تشريع /
_cجلال السيد
700 1 _aسامى مهران
260 _aالقاهرة :
_bالهيئة المصرية العامة للكتاب ،
_c1984
300 _a381 سم ؛
_c24 سم
650 0 4 _aالتشريع
650 0 4 _aالهيئات التشريعية
650 0 4 _aالسلطة التشريعية - مصر
650 0 4 _aمصر - مجلس الشعب
650 0 4 _aالرقابة البرلمانية
650 0 4 _aمصر - مجلس الشورى
942 _2ddc
_cBK
999 _c8755
_d8755